00630 2200265 4500001002100000005001700021008004100038020001800079035002400097082001000121090002000131100001200151245001900163250001100182260002800193300002500221440002700246650001800273850001500291980001300306985000600319999001300325999001300338999001300351YOGYA-0209000000714220090227021003.0 ind  a979-732-171-1 0010-020900000007142 a741.5 a741.5bMur LlK aMURTONO aLukutcMurtono aCet. 1 aJakartabGrasindoc2003 avi, hlmbilusc19 cm aPendidikan lalu lintas aKomik, bacaan aYOPDYOG(J) a04-10-18 a3 a04P00865 a04P00866 a04P00867